Ahora, descubra sus fortalezas / (Registro nro. 10368)

Detalles MARC
000 -LIDER
fixed length control field 01268nam a22003377a 4500
001 - NÚMERO DE CONTROL
Identificador de número de control 1047
003 - IDENTIFICACDOR DE NÚMERO DE CONTROL
control field DO-SdBNP
005 - DATE AND TIME OF LATEST TRANSACTION
control field 20240124095421.0
007 - CAMPOS FIJOS DE DESCRIPCIÓN FÍSICA
fixed length control field 1047
008 - ELEMENTOS DE LONGITUD FIJA
fixed length control field 160613b 2005 ck || |||| 00| 0 spa d
020 ## - ISBN
International Standard Book Number 9580462356
Terms of availability
040 ## - FUENTE DE CATALOGACIÓN
Agencia que crea de manera original el registro BPMSU
Idioma de catalogación spa
Agencia que realiza la transcripción BPMSU
082 #4 - NÚMERO DE CLASIFICACIÓN DECIMAL DE DEWEY
Classification number 658.4092
Item number B923a 2005
Edition number 22
100 1# - ASIENTO PRINCIPAL -- NOMBRE PERSONAL
Nombre personal Buckingham, Marcus.
245 ## - MENCIÓN DE TITULO
Título Ahora, descubra sus fortalezas /
Mención de responsabilidad Marcus Buckingham, Donaldo O. Clifton ; traducción Adriana de Hassan.
250 ## - MENCIÓN DE EDICION
Mención de edición Fabián Bonnett Vélez.
260 ## - PUBLICACIÓN, DISTRIBUCIÓN, ETC. (PIE DE IMPRENTA)
Lugar de publicación, distribución, etc Bogotá :
Nombre del editor, distribuidor, etc. Grupo Editorial Norma,
Fecha de publicación, distribución, etc 2005
300 ## - DESCRIPCIÓN FÍSICA
Extensión 359 p. :
Otros detalles físicos il. ;
Dimensiones 26 cm.
500 ## - NOTA GENERAL
Nota general Nota de la carátula : El revolucionario programa que le muestra cómo desarrollar sus fortalezas y talentos particulares y los de la gente a laque usted dirige, basado en el estudio de Gallup a más de 2.000.000 de personas.
534 ## - NOTA SOBRE LA VERSIÓN ORIGINAL
Asiento principal del original Título original :
Mención del título original Now, discover your strengths.
590 ## - NOTA LOCAL
Texto de la nota local Inventariado, 2024/VM
650 #4 - ENCABEZAMIENTO DE MATERIA--TEMÁTICO
Término temático o nombre geográfico como elemento de entrada Gerentes
Subdivisión geográfica
650 #4 - ENCABEZAMIENTO DE MATERIA--TEMÁTICO
Término temático o nombre geográfico como elemento de entrada Productividad del trabajo
Subdivisión de forma Técnicas.
650 #4 - ENCABEZAMIENTO DE MATERIA--TEMÁTICO
Término temático o nombre geográfico como elemento de entrada Liderazgo
650 ## - ENCABEZAMIENTO DE MATERIA--TEMÁTICO
Término temático o nombre geográfico como elemento de entrada
700 1# - ASIENTO SECUNDARIO -- NOMBRE PERSONAL
Nombre personal Clifton, Donald O.
700 ## - ASIENTO SECUNDARIO -- NOMBRE PERSONAL
Nombre personal Hassan, Adriana de,
Mención de responsabilidad tr.
700 ## - ASIENTO SECUNDARIO -- NOMBRE PERSONAL
Nombre personal Bonnett Vélez, Fabián,
Mención de responsabilidad ed.
910 ## - VALIDACIÓN
Validación VMateo V. Control de calidad. BPMSU
942 ## - ADDED ENTRY ELEMENTS (KOHA)
Source of classification or shelving scheme Dewey Decimal Classification
Koha item type Libros
Existencias
Withdrawn status Lost status Source of classification or shelving scheme Damaged status Not for loan Collection code Home library Current library Date acquired Source of acquisition Total Checkouts Full call number Barcode Date last seen Price effective from Koha item type
    Dewey Decimal Classification     Colección General Biblioteca Pública Metropolitana Salomé Ureña Biblioteca Pública Metropolitana Salomé Ureña 06/13/2016 Laura García   BPMSU CG 658.4092 B923a 2005 BPMSU16060171 06/13/2016 06/13/2016 Libros